Une ville en plusieurs exemplaires - Statistiques

Statistiques générales
  • Ce quiz a été pris 42 fois
  • Le résultat moyen est 6 sur 17
Statistiques - réponses
Combien
d'exemplaire
Indice 1 Indice 2 Lieu Villes Autre % Correct
14 5 lettres Capitale Europe Paris USA, Biélorussie
68%
20 10 lettres Phare connu Afrique Alexandrie Grèce, Italie
63%
12 11 lettres Fête du 29 Juin Réunion Saint-Pierre Maurice, Martinique
63%
13 4 lettres Système solaire USA Mars France, Russie
58%
24 5 lettres On l'a veut dans le monde Bolivie La Paz Philippines, Uruguay
50%
12 7 lettres Préfecture française Espagne Valence Venezuela, Equateur
48%
10 10 lettres Prénom de roi Missouri Saint-Louis Réunion, Sénégal
43%
16 6 lettres Herta au foot Europe Berlin Russie, Salvador
35%
17 5 lettres La Mode Europe Milan Chine, Colombie
35%
30 8 lettres Capitale, Prénom, État, Île Océan indien Victoria Chili, Mexique
28%
15 9 lettres Club de Premier League Australie Newcastle USA, Irlande
23%
35 4 lettres A pour capitale Denpasar Asie Bali Cameroun, Chine
20%
13 7 lettres Actrice dans Men in Black 2 Argentine Rosario Philippines, Italie
18%
10 6 lettres Mer du Nord Norvège Bergen Allemagne, Autriche
15%
30 8 lettres Il a chanté "Beautiful girl" Amérique Kingston USA, Australie
8%
11 8 lettres Composé pour devenirpréfecture France Clermont Canada, Australie
3%
29 9 lettres 4 fois la même et uniquevoyelle Afghanistan Jalalabad 28 fois en Inde
3%
Aucun quiz correspondant
Distribution des résultats
% des personnes avec chaque résultat
Percentile par nombre de réponses
Votre historique - résultats
Vous n’avez pas pris ce quiz